MARC

LEADER 00000naa2a2200000 4500
001 428871
005 20231101074857.0
035 |a (RuTPU)RU\TPU\prd\88503 
035 |a RU\TPU\prd\42653 
090 |a 428871 
100 |a 20101020a2006 k y0rusy50 ca 
101 0 |a rus 
102 |a RU 
200 1 |a Численное моделирование диаграмм направленности антенн  |f И. А. Кривошеев 
225 1 |a Акустические методы 
320 |a Библиогр.: 12 назв. 
461 0 |0 (RuTPU)RU\TPU\prd\151  |x 0130-3082  |t Дефектоскопия  |d 1965- 
463 0 |0 (RuTPU)RU\TPU\prd\88501  |t № 2  |v С. 6-15  |d 2006 
610 1 |a численное моделирование 
610 1 |a диаграммы направленности 
610 1 |a антенны 
610 1 |a локализация источников 
610 1 |a акустическая эмиссия 
610 1 |a приёмные преобразователи 
610 1 |a массивы горных пород 
610 1 |a напряженно-деформированное состояние 
610 1 |a погрешности 
610 1 |a местоположение источников 
610 1 |a несплошности 
610 1 |a анизотропия 
610 1 |a геофизические антенны 
610 1 |a метод Левенберга-Маркварта 
675 |a 620.179.14  |v 3 
700 1 |a Кривошеев  |b И. А. 
801 1 |a RU  |b 63413507  |c 20060411  |g PSBO 
801 2 |a RU  |b 63413507  |c 20140123  |g RCR 
942 |c BK